000 00559nam a22002297a 4500
003 UA-OsUOA
001 96207
007 ta
008 20130318b un ||||| |||| 00| 0 ukr d
100 _aЛермонтов М.
090 _a821.161.1
_bЛ49
942 _cBK
040 _aUA-OsUOA
_brus
_cUA-OsUOA
_dUA-OsUOA
245 _aВ тот чудный мир тревог и битв...
300 _a416 с.
955 _a3
041 _arus
080 _a821.161.1
260 _aМ.
_bМол. гвардия
_c1976
650 7 _2UDC
999 _c382460
_d382460